| 000 | 00484pab a2200169 454500 | ||
|---|---|---|---|
| 008 | 180718b2013 xxu||||| |||| 00| 0 eng d | ||
| 100 | _aBhatt , M.S. | ||
| 245 | _aSocial accounting matrix to study the socio- economic linkages of tourism sector - A case study of India | ||
| 260 | _c2013 | ||
| 300 | _ap.381-408. | ||
| 362 | _aJul-Dec | ||
| 650 | _aTourism - India | ||
| 650 | _aTourism | ||
| 700 | _aMunjal , Poonam | ||
| 773 | _aIndian Economic Review | ||
| 909 | _a107806 | ||
| 999 |
_c107801 _d107801 |
||